Statistics for America's Top Ten Junk Foods

Click here to take the quiz!

General Stats

  • This quiz has been taken 969 times
  • The average score is 5 of 10

Answer Stats

NumberAnswer% Correct
#7hamburgers
73%
#9french fries
60%
#4pizza
59%
#10soda
54%
#5ice cream
53%
#6cookies
47%
#8cake
44%
#2chips
42%
#3donuts
27%
#1Twinkie
22%

Score Distribution

Percentile by Number Answered

Percent of People with Each Score

Your Score History

You have not taken this quiz